| 000 | 01396nam a2200157 4500 | ||
|---|---|---|---|
| 999 |
_c510467 _d510467 |
||
| 008 | 190818b ||||| |||| 00| 0 eng d | ||
| 100 |
_aRegilme, Salvador Santino F _98527 |
||
| 245 | _aThe global politics of human rights: From human rights to human dignity? | ||
| 260 | _c2019 | ||
| 300 | _ap.279-290. | ||
| 520 | _aThis review essay highlights the limitations and possibilities of a global human rights order based on analysis of five recently published books about human rights. The main argument states that reform of the global human rights order requires not only a shift to a more emancipatory notion of human dignity but also an emphasis on global justice and material compensation within and between the Global North and Global South. Human dignity, in this essay, embraces all types of human rights claims, ranging from political rights to socio-economic rights, among many others. The essay proposes a three-pronged reform of international human rights: (1) a shift from Western human rights to the more inclusive and pluralist notion of human dignity; (2) the promotion of global justice by rewriting the rules of global economic governance; and (3) mandatory political education on human rights and human dignity. - Reproduced. | ||
| 650 |
_aHuman rights - United States _98528 |
||
| 773 | _aInternational Political Science Review | ||
| 906 | _aHuman rights | ||
| 942 |
_2ddc _cAR |
||